High-performance communication networks / (Record no. 218155)

000 -LEADER
fixed length control field 01503 a2200301 4500
003 - CONTROL NUMBER IDENTIFIER
control field Nust
005 - DATE AND TIME OF LATEST TRANSACTION
control field 20221212122820.0
010 ## - LIBRARY OF CONGRESS CONTROL NUMBER
LC control number 99047341
020 ## - INTERNATIONAL STANDARD BOOK NUMBER
International Standard Book Number 1558605746
040 ## - CATALOGING SOURCE
Transcribing agency Nust
082 00 - DEWEY DECIMAL CLASSIFICATION NUMBER
Classification number 621.3821,WAL
100 1# - MAIN ENTRY--PERSONAL NAME
Personal name Walrand, Jean.
9 (RLIN) 97762
245 10 - TITLE STATEMENT
Title High-performance communication networks /
Statement of responsibility, etc. Jean Walrand, Pravin Varaiya.
250 ## - EDITION STATEMENT
Edition statement 2nd ed.
260 ## - PUBLICATION, DISTRIBUTION, ETC.
Place of publication, distribution, etc. San Francisco :
Name of publisher, distributor, etc. Morgan Kaufmann,
Date of publication, distribution, etc. c2000.
300 ## - PHYSICAL DESCRIPTION
Extent xxii, 693 p. ;
Dimensions 25 cm.
440 #4 - SERIES STATEMENT/ADDED ENTRY--TITLE
Title The Morgan Kaufmann series in networking
9 (RLIN) 95656
505 ## - FORMATTED CONTENTS NOTE
Formatted contents note Overview (Page-1), Network Services and Layered Architectures (Page-39), Packet-Switched Networks (Page-103), The internet and TCP/ IP Networks (Page-155), Circuit- Switched Networks (Page-205), Asynchronous Transfer Mode (Page-257), Wireless Networks (Page-305), Control of Networks (Page-363), Control of Networks: Mathematical Background (Page-431), Network Economics (Page-489), Optical Networks (Page-541), Switching (Page-575), Toward a global multimedia network (Page-619).
650 #0 - SUBJECT ADDED ENTRY--TOPICAL TERM
Topical term or geographic name entry element Asynchronous transfer mode.
9 (RLIN) 56041
650 #0 - SUBJECT ADDED ENTRY--TOPICAL TERM
Topical term or geographic name entry element Computer networks.
9 (RLIN) 3677
650 #0 - SUBJECT ADDED ENTRY--TOPICAL TERM
Topical term or geographic name entry element High performance computing.
9 (RLIN) 94234
650 #0 - SUBJECT ADDED ENTRY--TOPICAL TERM
Topical term or geographic name entry element Multimedia systems.
9 (RLIN) 36511
650 #0 - SUBJECT ADDED ENTRY--TOPICAL TERM
Topical term or geographic name entry element Wireless communication systems.
9 (RLIN) 594
700 1# - ADDED ENTRY--PERSONAL NAME
Personal name Varaiya, P.P.
9 (RLIN) 97763
856 41 - ELECTRONIC LOCATION AND ACCESS
Materials specified Publisher description
Uniform Resource Identifier <a href="http://www.loc.gov/catdir/description/els033/99047341.html">http://www.loc.gov/catdir/description/els033/99047341.html</a>
856 41 - ELECTRONIC LOCATION AND ACCESS
Materials specified Table of contents
Uniform Resource Identifier <a href="http://www.loc.gov/catdir/toc/els033/99047341.html">http://www.loc.gov/catdir/toc/els033/99047341.html</a>
942 ## - ADDED ENTRY ELEMENTS (KOHA)
Source of classification or shelving scheme
Koha item type Book
Holdings
Withdrawn status Lost status Source of classification or shelving scheme Damaged status Not for loan Permanent Location Current Location Shelving location Date acquired Full call number Barcode Date last seen Price effective from Koha item type Public note
          Military College of Signals (MCS) Military College of Signals (MCS) General Stacks 12/12/2016 621.3821,WAL MCS37389 12/08/2016 12/12/2016 Book Almirah No.36, Shelf No.2
          Military College of Signals (MCS) Military College of Signals (MCS) General Stacks 12/12/2016 621.3821,WAL MCS37390 12/08/2016 12/12/2016 Book Almirah No.36, Shelf No.2
© 2023 Central Library, National University of Sciences and Technology. All Rights Reserved.